| 000 | 02020cad a22003135a 4500 | ||
|---|---|---|---|
| 001 | L144774 | ||
| 008 | 110419s20080805xxkabd f s f000 0 eng d | ||
| 020 | _a9781409801504 | ||
| 035 | _a(Sirsi) u144774 | ||
| 041 | 0 | _aeng | |
| 050 | 0 | 4 | _a711.1 $2 18 |
| 100 | 1 | _aCrook, A. D. H. | |
| 245 | 0 | 0 |
_aValuing Planning Obligations in England _bupdate study for 2005-06 _h[electronic resource] |
| 260 |
_aLondon _bDCLG _c2008 |
||
| 505 | 2 | _aResearch contexts and methods -- Planning agreements -- Planning obligations -- The value of planning obligations -- Drivers of change: policy, practice and the market -- References: estimating the value of non housing planning obligations; planning authorities respond to survey; planning authorities responding to both surveys; survey questionnaire | |
| 520 | _aStudy was commissioned to update an earlier study that examined the number of planning obligation agreements entered into in England in 2003-04 and estimated their value. This study covers the years 2005-06 and uses the same methodology as the earlier study to allow comparison of figures and identification of the drivers of change. Although published by the Department for Communities and Local Government, this report is meant to be seen as indicative of the views of the authors (as opposed to government opinion). | ||
| 520 | _aUpdates Valuing Planning Obligations in England: final report (L133721). | ||
| 521 | _aAdvanced | ||
| 590 | _aKA NTK | ||
| 651 | 4 |
_aEngland and Wales _y1543- |
|
| 690 | _aENVIRONMENTAL AND LAND CONSULTANCY-PLANNING AND DEVELOPMENT-DEVELOPMENT CONTROL | ||
| 700 | 1 | _aHenneberry, J. M. | |
| 700 | 1 | _aRowley, S. | |
| 700 | 1 | _aSmith, R. S. | |
| 700 | 1 | _aWatkins, C. A. | |
| 710 | 1 |
_aUnited Kingdom _bDepartment for Communities and Local Government _94939 |
|
| 856 | 4 | 8 |
_uhttps://tna.europarchive.org/20100304124157/http://www.communities.gov.uk/publications/planningandbuilding/obligationsupdatestudy _zView the item free of charge at http://tna.europarchive.org |
| 942 | _n0 | ||
| 999 |
_c108615 _d108615 |
||